LEADER 01040nam0-2200313 --450 001 9910371959203321 005 20200212125736.0 010 $a978-88-04-68883-9$bMondadori 020 $aIT$b2018-11241 100 $a20200212d2018----kmuy0itay5050 ba 101 2 $aita$cgrc 102 $aIT 105 $a 001yy 200 1 $aCostituzione degli Ateniesi$fPseudo-Senofonte$ga cura di Giuseppe Serra$gcon un saggio di Luciano Canfora 210 $a[Milano]$cFondazione Lorenzo Valla$cMondadori$d2018 215 $aLXXVI, 224 p.$d21 cm 300 $aTraduzione italiana a fronte 500 10$aAthenaion politeia$m$91668363 676 $a880.1$v22$zita 700 0$aXenophon$f<427/26- ca. 353 a. C.>$075253 702 1$aCanfora,$bLuciano 702 1$aSerra,$bGiuseppe$f<1937- > 801 0$aIT$bUNINA$gREICAT$2UNIMARC 901 $aBK 912 $a9910371959203321 952 $aP2B 600 VAL XENOPH. 461A 2018$b2020/327$fFLFBC 959 $aFLFBC 996 $aAthenaion politeia$91668363 997 $aUNINA LEADER 01407nam a2200313 i 4500 001 991000737659707536 005 20020507172939.0 008 970604s1966 us ||| | eng 035 $ab10750411-39ule_inst 035 $aLE01301537$9ExL 040 $aDip.to Matematica$beng 082 0 $a521 084 $aAMS 70F15 100 1 $aLaplace, Pierre Simon :$cde$046184 245 10$aCelestial mechanics /$cby the marquis de La Place ; translated with a commentary by Nathaniel Bowditch 260 $aBornx, N. Y. :$bChelsea Publ. Co.,$c1966 300 $a4 v. ;$c24 cm. 650 0$aCelestial mechanics 650 4$aCollected works 700 1 $aBowditch, Nathaniel 907 $a.b10750411$b21-09-06$c28-06-02 912 $a991000737659707536 945 $aLE013 01A75 LAP12 V.I (1966)$cV. 1$g1$i2013000085333$lle013$o-$pE0.00$q-$rl$s- $t0$u0$v0$w0$x0$y.i10843346$z28-06-02 945 $aLE013 01A75 LAP12 V.II (1966)$cV. 2$g1$i2013000085340$lle013$o-$pE0.00$q-$rl$s- $t0$u0$v0$w0$x0$y.i10843358$z28-06-02 945 $aLE013 01A75 LAP12 V.III (1966)$cV. 3$g1$i2013000085357$lle013$o-$pE0.00$q-$rl$s- $t0$u0$v0$w0$x0$y.i1084336x$z28-06-02 945 $aLE013 01A75 LAP12 V.IV (1966)$cV. 4$g1$i2013000085364$lle013$o-$pE0.00$q-$rl$s- $t0$u0$v0$w0$x0$y.i10843371$z28-06-02 996 $aCelestial mechanics$9911489 997 $aUNISALENTO 998 $ale013$b01-01-97$cm$da $e-$feng$gus $h0$i4